Complète la carrière 2 - Statistiques

Statistiques générales
  • Ce quiz a été pris 61 fois
  • Le résultat moyen est 4 sur 15
Statistiques - réponses
Joueur Club 1 Club 2 Club 3 % Correct
Mahrez Le havre Manchester City Leicester
81%
Kondogbia Monaco Valence Inter Milan
74%
Zaniolo Rome Galatasaray Inter Milan
74%
Pepe Porto Real Madrid Besiktas
40%
Saelemakers AC Milan Bologne Anderlecht
36%
Dolberg Ajax Nice Seville
36%
Boniface Bodo/glimt Bayer Leverkusen Union Saint-Gilloise
26%
Kroos Bayern Munich Bayern Munich Bayer Leverkusen
23%
Ziyech Heerenveen Ajax Twente
8%
Acerbi Chievo Veronne AC Milan Genoa
6%
Portu Albacete Real Sociedad Girona
6%
Caiedo Brighton Brighton Beerschot
4%
Goretzka Shalke 04 Bayern Munich Bochum
4%
Dybala Palerme Juventus Instituto
4%
Joselu Hannovre Stoke city Deportivo La Corogne
0%
Aucun quiz correspondant
Distribution des résultats
% des personnes avec chaque résultat
Percentile par nombre de réponses
Votre historique - résultats
Vous n’avez pas pris ce quiz